| 000 -LEADER |
| fixed length control field |
00978nam a2200265 4500 |
| 008 - FIXED-LENGTH DATA ELEMENTS--GENERAL INFORMATION |
| fixed length control field |
250529b xxu||||| |||| 00| 0 eng d |
| 040 ## - CATALOGING SOURCE |
| Original cataloging agency |
Cagayan State University |
| 082 ## - DEWEY DECIMAL CLASSIFICATION NUMBER |
| Classification number |
791.4372 |
| Item number |
C764 |
| 245 ## - TITLE STATEMENT |
| Title |
The Contractor 2022 / directed by Tarik Saleh ; written by J.P. Davis ; produce by Brian Lafontaine |
| 300 ## - PHYSICAL DESCRIPTION |
| Extent |
1 videofile, (ca.103 min) ; |
| Other physical details |
soundf, color. |
| 520 ## - SUMMARY, ETC. |
| Summary, etc |
A discharged U.S. Army Special Operations Forces sergeant, James Harper, risks everything for his family when he joins a private contracting organization. |
| 546 ## - LANGUAGE NOTE |
| Language note |
in English subtitle |
| 650 ## - SUBJECT ADDED ENTRY--TOPICAL TERM |
| Topical term or geographic name as entry element |
Action |
| 650 ## - SUBJECT ADDED ENTRY--TOPICAL TERM |
| Topical term or geographic name as entry element |
Thriller |
| 700 ## - ADDED ENTRY--PERSONAL NAME |
| Personal name |
Pine, Chris star. |
| 700 ## - ADDED ENTRY--PERSONAL NAME |
| Personal name |
Foster, Ben star. |
| 700 ## - ADDED ENTRY--PERSONAL NAME |
| Personal name |
Jacobs, Gillian star. |
| 700 ## - ADDED ENTRY--PERSONAL NAME |
| Personal name |
Marsan, Eddie star. |
| 700 ## - ADDED ENTRY--PERSONAL NAME |
| Personal name |
Pardo, J.D. star. |
| 700 ## - ADDED ENTRY--PERSONAL NAME |
| Personal name |
Munteanu, Florian star. |
| 700 ## - ADDED ENTRY--PERSONAL NAME |
| Personal name |
Sutherland, Kiefer star. |
| 700 ## - ADDED ENTRY--PERSONAL NAME |
| Personal name |
Aïm, Pierre cinematography |
| 700 ## - ADDED ENTRY--PERSONAL NAME |
| Personal name |
Schmidt, Theis editor |
| 942 ## - ADDED ENTRY ELEMENTS (KOHA) |
| Source of classification or shelving scheme |
|
| Item type |
Audio-Visual Materials |